000 00587nam a2200193 a 4500
003 AM-YeHGA
040 _aAM-YeHGA
942 _2udc
_cBK
090 _c108114
001 000291846
005 20250618071909.0
008 031209s1918 ai 000 | arm d
041 0 _aarm
100 1 _aՉարենց, Եղիշե Աբգարի,
_d1897-1937
_91327
245 1 0 _aՍօմա :
_bՆոր վէդեան պօէմ /
_cԵ. Չարենց.
260 _aԹիֆլիս :
_bտպ. Պրօգրեսս,
_c1918.
300 _a13 էջ ;
_c23 սմ.
650 1 4 _aՀայ գրականություն
_xՊոեզիա
999 _c106788
_d106788